| 000 | 00492nam a2200193Ia 4500 | ||
|---|---|---|---|
| 003 | GCL | ||
| 008 | 140319s9999 xx 000 0 ara d | ||
| 040 |
_aGCL / _cGCL |
||
| 082 | 0 | 4 |
_a025.17 _bم ح |
| 100 | 1 | _aمحمد قبيسى | |
| 245 | 1 | 0 |
_aحضارة العرب فى حفظ وثائقهم / _cمحمد قبيسى |
| 300 | _a144 ص | ||
| 490 | _a | ||
| 650 | 0 | 4 | _aتاريخ |
| 650 | 0 | 4 | _aالوثائق |
| 650 | 0 | 4 | _aترميم |
| 650 | 0 | 4 | _aحفظ وترتيب |
| 942 |
_2ddc _cBK |
||
| 999 |
_c43983 _d43983 |
||